Công tác phổ biến giáo dục pháp luật trong nhà trường :

Nội dung cuốn sách gồm 2 phần: Phần chính gồm 3 chương và phần phụ lục gồm một số văn bản quan trọng của Đảng và Nhà nước về công tác phổ biến giáo dục pháp luật. Đây là một tài liệu giúp ích cho các cán bộ có thêm kinh nghiệm góp p...

Disgrifiad llawn

Wedi'i Gadw mewn:
Manylion Llyfryddiaeth
Prif Awdur: Nguyễn, Huy Bằng
Fformat: Llyfr
Iaith:Undetermined
Cyhoeddwyd: Tp. Hồ Chí Minh Giáo dục Việt Nam 2009
Pynciau:
Tagiau: Ychwanegu Tag
Dim Tagiau, Byddwch y cyntaf i dagio'r cofnod hwn!
Thư viện lưu trữ: Trung tâm Học liệu Trường Đại học Cần Thơ
LEADER 01229nam a2200205Ia 4500
001 CTU_184831
008 210402s9999 xx 000 0 und d
020 |c 32000 
082 |a 344.07 
082 |b B116 
100 |a Nguyễn, Huy Bằng 
245 0 |a Công tác phổ biến giáo dục pháp luật trong nhà trường : 
245 0 |c Nguyễn Huy Bằng, Phạm Thị Kim Dung, Đặng Thị Thu Huyền 
260 |a Tp. Hồ Chí Minh 
260 |b Giáo dục Việt Nam 
260 |c 2009 
520 |a Nội dung cuốn sách gồm 2 phần: Phần chính gồm 3 chương và phần phụ lục gồm một số văn bản quan trọng của Đảng và Nhà nước về công tác phổ biến giáo dục pháp luật. Đây là một tài liệu giúp ích cho các cán bộ có thêm kinh nghiệm góp phần vào công tác phổ biến và giáo dục pháp luật trong nhà trường. 
650 |a Educational law and legislation,Luật giáo dục và văn bản pháp luật 
904 |i Nguyễn Thị Kiều Oanh 
980 |a Trung tâm Học liệu Trường Đại học Cần Thơ